Obráběcí stroje na kovy. Bezpečnostní požadavky pro brusky. STN 20 0717 : Účinn.: 1.1.1989

Guardado en:
Detalles Bibliográficos
Formato: Libro
Lenguaje:checo
Publicado: Praha : VÚNM, 1989
Materias:
Etiquetas: Agregar Etiqueta
Sin Etiquetas, Sea el primero en etiquetar este registro!

MARC

LEADER 00000nam a22000003a 4500
001 stu51672
005 20150408180004.7
008 000120s1989----cs------------------cze-d
040 |a STU  |b slo 
041 0 |a cze 
044 |a cs 
080 |a 621.924:331.823(083.74) 
245 |a Obráběcí stroje na kovy. Bezpečnostní požadavky pro brusky. STN 20 0717 :  |b Účinn.: 1.1.1989 
260 |a Praha :  |b VÚNM,  |c 1989 
300 |a 13 s 
650 7 |a BOZ-brúsky-normy  |2 stusub 
650 7 |a Brúsky-BOZ-normy  |2 stusub 
650 7 |a obrábacie stroje  |2 stusub 
996 |b 284M063268  |c M*N-346-2  |l MMKN  |s A  |a 24  |w stu51672_0001